| 000 | 00996nam a22002895i 4500 | ||
|---|---|---|---|
| 003 | EG-ScBUE | ||
| 005 | 20250723091838.0 | ||
| 008 | 180320s1999 enka f b 001 0 eng d | ||
| 020 | _a9780521658218 | ||
| 020 | _a0521658217 | ||
| 040 |
_aEG-ScBUE _beng _erda _cEG-ScBUE _dEG-ScBUE |
||
| 082 | 0 | 4 |
_222 _a541.3 _bLAD |
| 100 | 1 |
_97303 _aLadd, M. F. C. _q(Marcus Frederick Charles), _eauthor. |
|
| 245 | 1 | 0 |
_aIntroduction to physical chemistry / _cMark Ladd. |
| 250 | _aThird edition. | ||
| 250 | _aCambridge low-price edition. | ||
| 264 | 1 |
_aCambridge : _bCambridge University Press, _c1999. |
|
| 300 |
_axix, 538 pages : _billustrations ; _c24 cm |
||
| 336 |
_2rdacontent _atext _btxt |
||
| 337 |
_aunmediated _2rdamedia _bn |
||
| 338 |
_avolume _bnc _2rdacarrier |
||
| 504 | _aIncludes bibliographical references and index. | ||
| 650 | 7 |
_2BUEsh _92007 _aChemistry, Physical and theoretical. |
|
| 650 | 7 |
_2BUEsh _96203 _aPhysical organic chemistry. |
|
| 655 | _vReading book | ||
| 942 |
_2ddc _cBB |
||
| 999 |
_c26356 _d26328 |
||